000 00755nam a2200253Ia 4500
003 OSt
005 20220928125045.0
006 a|||||r|||| 00| 0
007 ta
008 220927b |||||||| |||| 00| 0 eng d
020 _cINR 199.00
024 _a134543
037 _b0267, 08/03/2017, Bookwell Publications
_cTextual
040 _aSDCL
_cSDCL
_beng
041 _2eng
_aeng
082 _a0168,1N34x, P8 LR
100 _aVarma Pavan K.
_9392563
245 0 _aSelected poems
_b Gulzar
260 _aGurgaon
_bPenguin Books
_c2008
300 _axvii,116p.
_ccm.
650 _aReference
942 _h0168,1N34x, P8 LR
_cTEXL
_2CC
999 _c780702
_d780702